قانون العمل / (رقم التسجيلة. 4709)

تفاصيل مارك
000 -الفاتح
عناصر البيانات ثابتة الطول 00618cam a2200193 i 4500
005 - تاريخ ووقت آخر معاملة
حقل ضبط 20260122112610.0
008 - عناصر البيانات ثابتة الطول
عناصر البيانات ثابتة الطول 250721s1999 ua gr 000 0 ara d
020 ## - الترقيم الدولي المعياري للكتب (ردمك)
الترقيم الدولي المعياري للكتب (ردمك) 9770305383
082 14 - رقم تصنيف ديوي العشري
رقم التصنيف 344.01
رقم المادة س ل ي
100 1# - مدخل رئيسي – اسم شخصي
الاسم الشخصي سليم، عصام أنور
علاقة الشخص بالعمل/ دوره مؤلف.
245 10 - بيان العنوان
العنوان قانون العمل /
بيان المسؤولية الدكتور عصام انور سليم.
264 31 - بيانات النشر، التوزيع…إلخ
تاريخ النشر، التوزيع...إلخ 1999.
مكان النشر، التوزيع...إلخ الإسكندرية :
اسم الناشر، الموزع...إلخ منشأة المعارف،
300 ## - الوصف المادي
عدد الوحدات المكونة للوعاء 594 صفحة.
650 17 - مدخل إضافي بالموضوع - مصطلح موضوعي
مصطلح موضوعي أو اسم جغرافي كعنصر مدخل قانون العمل.
650 17 - مدخل إضافي بالموضوع - مصطلح موضوعي
مصطلح موضوعي أو اسم جغرافي كعنصر مدخل العاملون.
650 17 - مدخل إضافي بالموضوع - مصطلح موضوعي
مصطلح موضوعي أو اسم جغرافي كعنصر مدخل عقود العمل.
942 ## - بيانات إضافية (كوها)
نوع التنصيف Dewey Decimal Classification
نوع المادة (كوها) كتب
المقتنيات
حالة السحب حالة الفقدان مصدر التصنيف حالة التلف غير قابل للإعارة المكتبة الرئيسية المكتبة الحالية موقع الرف تاريخ التزويد الرقم المتسلسل Total Checkouts رقم الإستدعاء الباركود تاريخ آخر ظهور تاريخ الفاتورة نوع المادة (كوها)
    Dewey Decimal Classification     المكتبة المركزية المكتبة المركزية الإعارة 06/07/2004 336581   344.01 / س ل ي 336581 28/07/2025 06/07/2004 كتب
    Dewey Decimal Classification     مكتبة صويلح العامة مكتبة صويلح العامة الإعارة 06/07/2004 336582   344.01/سلي 336582 28/07/2025 06/07/2004 كتب
Implemented & Customized by: BBB with SCIT (Smart Chains for Information Technology)

Powered by Koha